|
|
|
|
| LEADER |
00000nab a2200000uu 4500 |
| 001 |
vtls010910118 |
| 003 |
SK-MaSNL |
| 005 |
20260303114859.0 |
| 008 |
230127|1995 xo |||||||||||||||||eng| |
| 015 |
|
|
|a SNBRB
|
| 035 |
|
|
|a (urnnbn)urn:nbn:sk:snk:ar-a081d8
|
| 035 |
|
|
|a (uuid)f96263e1-8c3b-4cd6-acc5-05c59c44c0da
|
| 035 |
|
|
|a urn:nbn:sk:snk-ab8zmj
|
| 040 |
|
|
|a SNKBUCL
|b slo
|c SNKBUCL
|e AACR2
|
| 041 |
0 |
|
|a eng
|
| 044 |
|
|
|a xo
|c SK
|
| 100 |
1 |
|
|a Bízik, Ján,
|d 1930-2007
|4 aut
|9 156949
|
| 245 |
1 |
0 |
|a DISTRIBUTION OF ORGANOCHLORINE PESTICIDES IN SOIL PROFILE OF ORTHIC LUVISOL
|c J. Bízik, Z. Kotercová
|
| 246 |
3 |
|
|a ROZLOŽENIE CHLÓROVANÝCH PESTICÍDOV V PÔDNOM PROFILE HNEDOZEME
|
| 700 |
1 |
|
|a Kotercová, Z.
|4 aut
|9 1129831
|
| 773 |
0 |
|
|t Acta fytotechnica : Zborník vedeckých prác Vysokej školy poľnohospodárskej v Nitre
|g Roč. 51, č. 51 (1995), s. 5-12
|
| 954 |
|
|
|a odborná, vedecká literatúra pôvodná (slovenská)
|2 lita
|
| 958 |
|
|
|a OND
|
| 958 |
|
|
|a EUIPO
|
| 958 |
|
|
|a article10
|
| 999 |
|
|
|c 1901005
|d 1902935
|